000 00597nam a22002417a 4500
003 UA-OsUOA
001 27645
007 ta
008 20040909b un ||||| |||| 00| 0 ukr d
090 _a786
_bС56
942 _cBK
040 _aUA-OsUOA
_brus
_cUA-OsUOA
_dUA-OsUOA
245 _aСовременные пианисты
_cСост. Л.Григорьев
300 _a288 с.
955 _a0
041 _arus
080 _a786
260 _aМосква
_bСоветский композитор
_c1977
044 _aRU
250 _nЧасть 1
650 7 _2UDC
999 _c313995
_d313995